| 000 | 00662nam a2200217Ia 4500 | ||
|---|---|---|---|
| 008 | 220216s9999 xx 000 0 und d | ||
| 100 | _aOthman R | ||
| 245 | 0 | _aPotential Hevea genotypes for timber production | |
| 260 | _bIn: Ensuring sustainability and competitiveness of the NR industry: Proceedings of the RRIM Rubber Growers Conference, Kuala Lumpur, 1995; p340-360 | ||
| 650 | _aHevea | ||
| 650 | _aTimber production | ||
| 700 | _aAb Ghani Z | ||
| 700 | _aArshad N L | ||
| 700 | _aBenong M | ||
| 700 | _aHashim O | ||
| 700 | _aHuat O S | ||
| 700 | _aMohd Noor A Ghani | ||
| 700 | _aMohd Zain Abd Aziz | ||
| 700 | _aWanchik M G | ||
| 942 | _cJS | ||
| 999 |
_c65384 _d65384 |
||